[Event "Mechanics' Spring TNM; G/2"]
[Site "San Francisco"]
[Date "2016.04.12"]
[Round "5.7"]
[White "Wong, Russell"]
[Black "Royzen, Igor"]
[Result "1-0"]
[WhiteElo "2200"]
[BlackElo "1879"]
[Annotator "Winslow"]
[PlyCount "81"]
[EventDate "2016.??.??"]

1. e4 c6 2. d4 d5 3. Nc3 dxe4 4. Nxe4 Bf5 5. Ng3 Bg6 6. Nf3 Nd7 7. h4 h6 8. h5
Bh7 9. Bd3 Bxd3 10. Qxd3 e6 11. Bd2 Ngf6 12. O-O-O Be7 13. c4 O-O 14. Bc3 b5
15. c5 Nd5 16. Rhe1 Nxc3 17. Qxc3 Nf6 18. Kb1 Nd5 19. Qd2 Bf6 20. Ne4 a5 21. g4
Qc7 22. Nxf6+ Nxf6 23. Ne5 Rad8 24. g5 Nxh5 25. gxh6 g6 26. Rh1 (26. Rg1 {and})
(26. Qd3 {, start the pressure on g6.}) 26... Kh7 27. Qe3 Rd5 28. Rdg1 Nf6 29.
Rg3 Nd7 30. Nf3 e5 31. dxe5 Nxe5 32. Ng5+ Kh8 33. Qf4 Qe7 34. Re3 Nd3 35. Rxe7
Nxf4 36. Nxf7+ Kh7 37. Ng5+ Kh8 38. Rh7+ Kg8 39. Rg7+ Kh8 40. Nf7+ Rxf7 41.
Rxf7 1-0

[Event "Mechanics' Fall TNM; G/2"]
[Site "San Francisco"]
[Date "2016.11.29"]
[Round "7.4"]
[White "Wong, Russell"]
[Black "Sevall, Jacob"]
[Result "1-0"]
[WhiteElo "2200"]
[BlackElo "2033"]
[PlyCount "33"]
[EventDate "2016.??.??"]

1. d4 Nf6 2. Bg5 d5 3. Bxf6 exf6 (3... gxf6 {
Carlsen-Karjakin, New York (1) 2016.}) 4. e3 c5 5. Nf3 Nc6 6. c3 Qb6 7. Qb3 c4
8. Qxb6 axb6 9. Nbd2 f5 10. a3 b5 11. Rc1 Be6 12. g3 Kd7 13. Bg2 Bd6 14. O-O
Rag8 15. Rfd1 g5 16. a4 bxa4 17. Nxc4 {The remaining moves are unavailable.}
1-0

[Event "Mechanics' Alan Benson TNM; G/2"]
[Site "San Francisco"]
[Date "2016.08.09"]
[Round "2.17"]
[White "Wonsever, James"]
[Black "Gaffagan, Steven"]
[Result "1/2-1/2"]
[WhiteElo "1636"]
[BlackElo "2096"]
[PlyCount "51"]
[EventDate "2016.??.??"]

1. e4 c6 2. d4 d5 3. exd5 cxd5 4. Nf3 Bg4 5. Bd3 Nc6 6. Be3 Nf6 7. Nbd2 e6 8.
O-O Be7 9. h3 Bh5 10. Qe1 Bg6 11. Ne5 Bxd3 12. Nxd3 O-O 13. a3 Rc8 14. c3 Na5
15. Bg5 h6 16. Bxf6 Bxf6 17. Qe2 Qc7 18. Rae1 b6 19. Ne5 g6 20. Kh1 Bg7 21. h4
Nc4 22. Ndxc4 dxc4 23. h5 Bxe5 24. Qxe5 Qxe5 25. Rxe5 Kg7 26. hxg6 1/2-1/2

[Event "Mechanics' Alan Benson TNM; G/2"]
[Site "San Francisco"]
[Date "2016.09.13"]
[Round "7.11"]
[White "Wonsever, James"]
[Black "Hakobyan, Sos"]
[Result "1-0"]
[WhiteElo "1636"]
[BlackElo "1980"]
[Annotator "Winslow,Elliott"]
[PlyCount "91"]
[EventDate "2016.??.??"]

1. e4 c5 2. Nf3 d6 3. d4 cxd4 4. Nxd4 Nf6 5. Nc3 a6 6. Bg5 e5 $2 {
The move 6. Bg5 is designed to prevent!} ({Better is the standard} 6... e6 {
with the Scheveningen center, although White's usual} 7. f4 {
intending fast Qf3 and 0-0-0, puts Black on high alert.}) ({
Meanwhile the modern} 6... Nbd7 {
has become more and more popular, leading to some unusual positions.}) 7. Nb3
$6 (7. Bxf6 Qxf6 8. Nd5) (7. Nf5 $1 {
is the main problem, when White gets to d5 faster than usual.}) 7... Be7 8. Qd2
b5 $6 (8... Be6) 9. Bxf6 Bxf6 10. Qd5 $5 Ra7 {Diagram [#]} 11. Bxb5+ $6 {
Ambitious but probably too much.} axb5 12. Nxb5 Rd7 13. Qa8 Qb6 (13... Na6) (
13... Ba6) 14. a4 O-O 15. Qa5 Qxa5+ $6 {On principle Black should keep queens
on (so that the pawns stay less important than an eventually attacking extra
piece).} 16. Nxa5 Bd8 ({
But if you are going to go this way, take this moment to get in} 16... d5 $1)
17. Nc4 Be7 (17... d5 $1 $17) 18. Nb6 Rb7 19. Nd5 Bg5 $2 20. h4 Bd8 21. Nxd6
Ba5+ 22. Kd1 Rd7 23. Nc4 (23. Nxc8 Rxc8 24. c3) 23... Nc6 24. Nxa5 Nxa5 25. b4
Nc4 26. Ke2 f5 27. f3 Bb7 $6 (27... fxe4 28. fxe4 Bb7) 28. Rhd1 Bxd5 (28...
fxe4 29. Nf6+) 29. Rxd5 Rxd5 30. exd5 Rd8 $6 {Diagram [#]} (30... Kf7 $11) 31.
Kd3 $1 Rc8 (31... Nb6 32. c4 {Ant attack!}) 32. a5 Nd6 33. a6 e4+ 34. fxe4
fxe4+ 35. Kd4 Rc4+ 36. Ke5 Nb5 37. a7 Nxa7 38. Rxa7 e3 39. Ra1 Rxc2 40. Ke6 h6
41. d6 Rd2 42. Re1 e2 43. Ke7 Rd4 44. Rxe2 Rxb4 45. d7 Rb7 46. Ke8 1-0

[Event "Mechanics' Alan Benson TNM; G/2"]
[Site "San Francisco"]
[Date "2016.09.27"]
[Round "9.11"]
[White "Wonsever, James"]
[Black "Kondakov, Adrian"]
[Result "1/2-1/2"]
[WhiteElo "1636"]
[BlackElo "1946"]
[PlyCount "36"]
[EventDate "2016.??.??"]

1. e4 e6 2. Nf3 d5 3. exd5 exd5 4. d4 Bd6 5. Bd3 Ne7 6. O-O Bf5 7. Bg5 f6 8.
Bh4 O-O 9. Re1 Nbc6 10. c3 Qd7 11. Bg3 Bxg3 12. hxg3 Rfe8 13. Bb5 a6 14. Ba4
Nc8 15. Nbd2 Rxe1+ 16. Nxe1 Nd6 17. c4 b5 18. cxd5 Nxd4 $11 {
Remaining moves unavailable.} 1/2-1/2

[Event "Mechanics' Alan Benson TNM; G/2"]
[Site "San Francisco"]
[Date "2016.08.30"]
[Round "5.23"]
[White "Wonsever, James"]
[Black "Walters, Kevin"]
[Result "1-0"]
[WhiteElo "1636"]
[BlackElo "1897"]
[PlyCount "33"]
[EventDate "2016.??.??"]

1. e4 d5 2. exd5 Qxd5 3. Nc3 Qa5 4. d4 Nf6 5. Nf3 Bf5 6. Bd3 Nc6 7. Be3 O-O-O
8. Ng5 Nxd4 9. Nxf7 Nxc2+ 10. Bxc2 Rxd1+ 11. Rxd1 Nd7 12. Rd5 Qxd5 13. Nxd5
Bxc2 14. Nxh8 e6 15. Nc3 h6 16. Kd2 Bf5 17. f4 1-0

[Event "Mechanics' Winter TNM; G/2"]
[Site "San Francisco"]
[Date "2016.02.23"]
[Round "8.29"]
[White "Yamamoto, Craig"]
[Black "Aafjes, Marc"]
[Result "1/2-1/2"]
[WhiteElo "1677"]
[BlackElo "1311"]
[PlyCount "62"]
[EventDate "2016.??.??"]

1. e4 e5 2. Nc3 Bb4 3. Nge2 Nc6 4. d3 d6 5. f4 g6 6. a3 Ba5 7. Be3 Nge7 8. g3
d5 9. exd5 Nxd5 10. Bd2 O-O 11. Bg2 Be6 12. O-O Bb6+ 13. Kh1 Ne3 14. Bxe3 Bxe3
15. Ne4 Bd5 16. c4 Be6 17. N4c3 Qd7 18. Qc2 Rad8 19. Nd5 Bxd5 20. Bxd5 Nd4 21.
Nxd4 Bxd4 22. fxe5 Bxe5 23. Rad1 c6 24. Be4 f5 25. Bf3 c5 26. Bd5+ Kg7 27. Qd2
b5 28. b3 Bd4 29. Qa5 bxc4 30. bxc4 Kh8 31. Rb1 Rb8 1/2-1/2

[Event "Mechanics' Fall TNM; G/2"]
[Site "San Francisco"]
[Date "2016.11.15"]
[Round "5.24"]
[White "Yamamoto, Craig"]
[Black "Boldi, Ethan Vaugh"]
[Result "0-1"]
[WhiteElo "1523"]
[BlackElo "1811"]
[Annotator "Donaldson"]
[PlyCount "112"]
[EventDate "2016.??.??"]

1. e4 e6 2. d4 d5 3. e5 c5 4. c3 Nc6 5. f4 $2 Bd7 6. Nf3 a6 7. a3 Qb6 8. b4
cxb4 9. axb4 a5 10. b5 Na7 11. Qb3 Nxb5 12. Na3 Bxa3 13. Bxa3 Qc6 14. Bxb5 Qxb5
15. Qxb5 Bxb5 16. Bc5 Ne7 17. Kd2 a4 18. Ne1 Nc6 19. Nc2 Na5 20. Rab1 Nb3+ 21.
Ke3 Bc4 22. Bb4 b5 23. Na3 Na5 24. Nxc4 Nxc4+ 25. Kd3 Kd7 26. g4 g6 27. h4 a3
28. Rh2 Nb2+ 29. Kc2 a2 30. Ra1 Nc4 31. Re2 Ra6 32. Kb3 Rha8 33. f5 $2 (33.
Rexa2 Rxa2 34. Rxa2 Rxa2 35. Kxa2 Ne3 36. g5 Ng2) (33. h5 {was the best try.})
33... gxf5 34. gxf5 exf5 35. Rf2 Ne3 $2 (35... Ke6) 36. Rf3 Nc4 37. Rxf5 Ke8
38. Rf2 Ne3 39. Rf3 Ng2 40. Rf2 Ne1 41. Re2 Nd3 42. Rd2 Nxb4 43. Kxb4 Ra5 44.
Kc5 Rb8 $2 45. Kxd5 $2 (45. Rdxa2) 45... b4+ 46. Kc4 b3 47. Rb2 Ra4+ 48. Kd3
Ra6 49. c4 Ke7 50. d5 Rg6 51. Kd4 Rg4+ 52. Kc3 Rxh4 53. Rd2 b2 54. d6+ Kd7 55.
Rxa2 b1=Q 56. Ra7+ Rb7 0-1

[Event "Mechanics' Winter TNM; G/2"]
[Site "San Francisco"]
[Date "2016.01.19"]
[Round "3.5"]
[White "Yamamoto, Craig"]
[Black "Gaffagan, Steven"]
[Result "1/2-1/2"]
[WhiteElo "1677"]
[BlackElo "2040"]
[PlyCount "46"]
[EventDate "2016.??.??"]

1. e4 c5 2. f4 d5 3. exd5 Nf6 4. d4 cxd4 5. Qxd4 Qxd5 6. Qxd5 Nxd5 7. Bd2 Nc6
8. a3 Bf5 9. c4 Nf6 10. Nf3 e5 11. fxe5 Ng4 12. b4 O-O-O 13. Nc3 Ngxe5 14. Nxe5
Nxe5 15. O-O-O Ng4 16. Bg5 Rxd1+ 17. Nxd1 f6 18. Bf4 g5 19. Bg3 h5 20. h3 Ne5
21. Nc3 Bg7 22. Be2 Rd8 23. Rd1 Rxd1+ 1/2-1/2

[Event "Mechanics' Winter TNM; G/2"]
[Site "San Francisco"]
[Date "2016.01.26"]
[Round "4.9"]
[White "Yamamoto, Craig"]
[Black "Krasnov, Steven Le"]
[Result "0-1"]
[WhiteElo "1677"]
[BlackElo "1958"]
[PlyCount "76"]
[EventDate "2016.??.??"]

1. e4 g6 2. Nc3 c5 3. b3 Nc6 4. Nf3 Bg7 5. Bb2 e6 6. Qe2 d6 7. O-O-O Nge7 8. g3
a6 9. Kb1 Bd7 10. Re1 Qc7 11. Qd1 e5 12. Qe2 Bg4 13. Bg2 Nd4 14. Qd1 h6 15. h3
Be6 16. d3 O-O 17. Nh2 Rac8 18. g4 b5 19. Nd5 Bxd5 20. exd5 b4 21. c3 bxc3 22.
Bxc3 Nb5 23. Bb2 Qb7 24. Nf1 Rb8 25. Ng3 a5 26. Qd2 Qa6 27. Ne2 a4 28. Nc1 axb3
29. axb3 Nc7 30. d4 cxd4 31. Bxd4 Nexd5 32. Bxd5 Nxd5 33. Bxe5 Bxe5 34. Rxe5
dxe5 35. Qxd5 Rfe8 36. f4 Ra8 37. f5 Qa1+ 38. Kc2 Rac8+ 0-1

[Event "Mechanics' Spring TNM; G/2"]
[Site "San Francisco"]
[Date "2016.03.29"]
[Round "3.17"]
[White "Yamamoto, Craig"]
[Black "Krasnov, Steven Le"]
[Result "0-1"]
[WhiteElo "1617"]
[BlackElo "1993"]
[PlyCount "138"]
[EventDate "2016.??.??"]

1. d4 Nf6 2. c4 g6 3. Nf3 c6 4. Nc3 Bg7 5. e4 d6 6. Be2 O-O 7. O-O Qc7 8. Qc2
Nbd7 9. Bg5 h6 10. Bh4 e5 11. Rfd1 a6 12. Rac1 Re8 13. dxe5 Nxe5 14. Nxe5 dxe5
15. f3 Be6 16. b3 Nd7 17. Bf2 Bf8 18. Qb2 Qa5 19. Nb1 Rac8 20. a3 Qd8 21. c5
Qg5 22. b4 Rcd8 23. Qd2 Qf6 24. Qc3 Kh7 25. Nd2 Bg7 26. Nc4 Bxc4 27. Bxc4 Nf8
28. Qb3 Ne6 29. Rxd8 Qxd8 30. Bxe6 Rxe6 31. Rd1 Qe7 32. Qd3 Bf6 33. Be3 Kg7 34.
Qd2 h5 35. Qd7 Qxd7 36. Rxd7 Re7 37. Rd6 Rc7 38. Bh6+ Kxh6 39. Rxf6 Kg5 40. Rd6
h4 41. Kf2 Re7 42. g3 hxg3+ 43. hxg3 f5 44. exf5 gxf5 45. Rd8 Kf6 46. Rd6+ Kg5
47. Rd8 Rh7 48. Rg8+ Kf6 49. Rb8 Rh2+ 50. Ke3 Ra2 51. Rxb7 Rxa3+ 52. Kf2 Ra2+
53. Kf1 Ke6 54. Rb6 Kd5 55. Rb8 Kd4 56. Rb6 Ke3 57. Rxc6 Kxf3 58. Ke1 Kxg3 59.
Re6 e4 60. Kd1 Rb2 61. Rxa6 Rxb4 62. Ra3+ Kf2 63. Ra2+ Kf3 64. Rc2 e3 65. Rc1
Rd4+ 66. Ke1 Rh4 67. Kd1 Rh1+ 68. Kc2 Rxc1+ 69. Kxc1 e2 0-1

[Event "Mechanics' Fall TNM; G/2"]
[Site "San Francisco"]
[Date "2016.11.22"]
[Round "6.20"]
[White "Yamamoto, Craig"]
[Black "Mays, Jerry L"]
[Result "0-1"]
[WhiteElo "1523"]
[BlackElo "1876"]
[Annotator "Donaldson"]
[PlyCount "42"]
[EventDate "2016.??.??"]

1. c4 g6 2. d4 Bg7 3. Nf3 c5 4. e4 cxd4 5. Nxd4 Nc6 6. Nxc6 $6 (6. Be3) 6...
bxc6 7. Bd3 Nf6 8. O-O d6 9. Nd2 O-O 10. Qc2 Ng4 (10... Nd7 11. Rb1 a5) 11. Nf3
Rb8 12. Rb1 f5 13. exf5 Rxf5 14. Nh4 Rxf2 15. Rxf2 Qb6 (15... Bd4) 16. Nf3 (16.
c5 dxc5 17. Bc4+ Kh8 18. Rf1) 16... Ba6 17. b3 Rf8 18. Kf1 Be5 19. Re2 Nxh2+
20. Ke1 Rxf3 21. gxf3 Nxf3+ 0-1

[Event "Mechanics' Spring TNM; G/2"]
[Site "San Francisco"]
[Date "2016.03.15"]
[Round "1.3"]
[White "Yamamoto, Craig"]
[Black "Shaw, Tenzing Will"]
[Result "0-1"]
[WhiteElo "1617"]
[BlackElo "2292"]
[PlyCount "54"]
[EventDate "2016.??.??"]

1. d4 Nf6 2. c4 c6 3. Nf3 d5 4. e3 e6 5. Nc3 Nbd7 6. Bd3 Be7 7. O-O dxc4 8.
Bxc4 b5 9. Be2 Bb7 10. a3 O-O 11. Nd2 a5 12. Bf3 Qb6 13. g3 Rfd8 14. Bg2 c5 15.
Bxb7 Qxb7 16. Nf3 b4 17. Nb1 e5 18. dxe5 Nxe5 19. Nbd2 Nd3 20. Qe2 Rac8 21. b3
Ne4 22. Nxe4 Qxe4 23. Nd2 Qe6 24. Nc4 a4 25. Qc2 Bf6 26. Ra2 Ne5 27. Nd2 Rxd2
0-1

[Event "Mechanics' Fall TNM; G/2"]
[Site "San Francisco"]
[Date "2016.10.25"]
[Round "2.37"]
[White "Yamamoto, Craig"]
[Black "Valente, Marty J"]
[Result "0-1"]
[WhiteElo "1599"]
[BlackElo "1161"]
[PlyCount "38"]
[EventDate "2016.??.??"]

1. e4 c5 2. Nc3 d6 3. Nf3 Nc6 4. d4 cxd4 5. Nxd4 Nf6 6. Be3 a6 7. Be2 e6 8. f3
Be7 9. g4 e5 10. Nf5 Bxf5 11. gxf5 O-O 12. Bg5 Nh5 13. Bxe7 Qxe7 14. Rf1 Nf4
15. Rf2 Nd4 16. Bf1 Qh4 17. Qd2 Nxf3+ 18. Kd1 Nxd2 19. Rxd2 Rfd8 0-1

[Event "Mechanics' Fall TNM; G/2"]
[Site "San Francisco"]
[Date "2016.11.22"]
[Round "6.14"]
[White "Yang, Eric"]
[Black "Clemens, Kristian"]
[Result "0-1"]
[WhiteElo "1851"]
[BlackElo "1944"]
[Annotator "Donaldson"]
[PlyCount "98"]
[EventDate "2016.??.??"]

1. c4 Nf6 2. d4 g6 3. Nc3 Bg7 4. e4 d6 5. Be2 O-O 6. Nf3 e5 7. d5 a5 8. Bg5 h6
9. Bh4 Na6 10. Qc2 Qe8 11. Nd2 Bd7 12. O-O Nh7 13. b3 f5 14. f3 Nf6 15. a3 Kh8
16. Rab1 Rg8 17. b4 axb4 18. axb4 g5 19. Bf2 f4 20. c5 Bf8 21. c6 $1 bxc6 22.
dxc6 Be6 23. b5 Nc5 24. Bxc5 dxc5 25. Nc4 g4 26. Nxe5 $2 (26. fxg4) 26... g3 $1
27. hxg3 fxg3 28. f4 Bg4 (28... c4 $1) 29. Bxg4 Nxg4 30. Nf3 {Diagram [#]} c4
$1 31. Rfe1 Bc5+ 32. Kf1 Qh5 (32... Nh2+ 33. Ke2 Nxf3 {wins immediately.}) 33.
Ke2 Ne3 (33... Rge8 $1 34. Qb2 Ba3 35. Qa1 Kg8) 34. Qb2 $1 Ba3 35. Qd2 Nxg2 36.
Rh1 {Now White is winning.} Qc5 37. Rxh6+ Kg7 38. Qd7+ Qe7 39. Rbh1 $2 (39. Qf5
$1) 39... Nxf4+ 40. Kd2 Qxd7+ 41. cxd7 Bb4 42. Rh7+ Kf6 43. R1h6+ Rg6 44. e5+
Kf5 45. Rf7+ $2 (45. Nh4+) 45... Kg4 46. Rxg6+ Nxg6 47. Rf6 Nf4 48. Ra6 $4 (48.
Ke3 Ng2+ 49. Ke4 Bxc3 50. Rg6+ Kh3 51. Ng1+ Kh4 52. Ne2 Bb4 53. Nxg3 Rd8 54.
Nf5+ Kh3 55. e6 {winning.}) 48... Rd8 49. e6 (49. e6 Nxe6 50. Rxe6 Rxd7+ 51.
Ke2 Bxc3) 49... Nxe6 0-1

[Event "Mechanics' Fall TNM; G/2"]
[Site "San Francisco"]
[Date "2016.11.01"]
[Round "3.6"]
[White "Yang, Eric"]
[Black "Gaffagan, Steven"]
[Result "0-1"]
[WhiteElo "1851"]
[BlackElo "2096"]
[PlyCount "99"]
[EventDate "2016.??.??"]

1. e4 c5 2. Nf3 d6 3. d4 cxd4 4. Nxd4 Nf6 5. Nc3 a6 6. Be3 e5 7. Nb3 Be6 8. f3
h5 9. Qd2 Nbd7 10. O-O-O Qc7 11. Kb1 Be7 12. Bd3 Rb8 13. h3 h4 14. f4 b5 15. f5
Bc4 16. Rhg1 a5 17. g4 hxg3 18. Rxg3 a4 19. Nc1 Qc6 20. a3 b4 21. axb4 Bxd3 22.
Qxd3 Rxb4 23. N1a2 Rb8 24. Nd5 Nxd5 25. Qxd5 Qxd5 26. Rxd5 Nf6 27. Ra5 Nxe4 28.
Rxg7 Rxh3 29. Bc1 a3 30. b3 Kf8 31. Rg2 Rh1 32. Rxa3 Bg5 33. Kb2 Bf6 34. Ra5
Rb7 35. Ka3 Ke7 36. Bb2 Rh5 37. Rg4 Nf2 38. Rga4 Nd1 39. b4 Rxf5 40. Ra7 Rf3+
41. c3 Rxa7 42. Rxa7+ Ke6 43. Ra8 e4 44. b5 Kd5 45. Nb4+ Kc5 46. b6 Kxb6 47.
Ra6+ Kb7 48. Rxd6 Nxb2 49. Rd7+ Kc8 50. Rxf7 0-1

[Event "Mechanics' Fall TNM; G/2"]
[Site "San Francisco"]
[Date "2016.11.29"]
[Round "7.8"]
[White "Yang, Eric"]
[Black "Maser, Thomas F"]
[Result "1-0"]
[WhiteElo "1851"]
[BlackElo "1946"]
[PlyCount "77"]
[EventDate "2016.??.??"]

1. e4 e5 2. Nf3 Nc6 3. Bb5 a6 4. Ba4 d6 5. c3 Bd7 6. O-O Nf6 7. Re1 g6 8. d4
Qe7 9. d5 Nb8 10. Bc2 Bg7 11. c4 O-O 12. Nbd2 (12. Nc3) 12... c5 13. b4 cxb4
14. a3 bxa3 15. Bxa3 Bg4 16. h3 Bxf3 17. Qxf3 Rc8 18. Qb3 Nh5 19. Bd3 Nf4 20.
Bf1 Nd7 21. Qxb7 Rab8 22. Qxa6 Nxh3+ 23. gxh3 Qg5+ 24. Bg2 Qxd2 25. Bxd6 Nc5
26. Bxc5 Rxc5 27. Red1 Qb4 28. Bf1 Bf8 29. Qf6 Bg7 30. Qh4 Qb6 31. d6 Qd8 32.
Qxd8+ Rxd8 33. Ra6 Bf6 34. Rd5 Rxd5 35. exd5 e4 36. c5 Be5 37. Bb5 f5 38. Ra7
f4 39. d7 1-0

[Event "Mechanics' Alan Benson TNM; G/2"]
[Site "San Francisco"]
[Date "2016.09.20"]
[Round "8.25"]
[White "Yang, Eric"]
[Black "McEnroe, Glenn Aus"]
[Result "1-0"]
[WhiteElo "1851"]
[BlackElo "1508"]
[PlyCount "61"]
[EventDate "2016.??.??"]

1. e4 e6 2. d4 d5 3. e5 c5 4. c3 Nc6 5. Nf3 Qb6 6. a3 a5 7. Be2 Bd7 8. b3 cxd4
9. cxd4 Nge7 10. O-O Ng6 11. Nc3 Be7 12. Re1 O-O 13. Bb2 f6 14. Na4 Qa7 15. Bb5
fxe5 16. dxe5 Bc5 17. Nxc5 Qxc5 18. Bd3 Be8 19. Rc1 Qa7 20. g3 Rc8 21. Kg2 Qb8
22. Bb1 Rc7 23. Ng5 Bf7 24. f4 Qe8 25. Qd3 h6 26. Nxf7 Nxf4+ 27. gxf4 Rfxf7 28.
Qh7+ Kf8 29. Qh8+ Ke7 30. Qxe8+ Kxe8 31. Bg6 1-0

[Event "Mechanics' Fall TNM; G/2"]
[Site "San Francisco"]
[Date "2016.11.08"]
[Round "4.13"]
[White "Yang, Eric"]
[Black "Pryor, Jamieson"]
[Result "0-1"]
[WhiteElo "1851"]
[BlackElo "2032"]
[PlyCount "60"]
[EventDate "2016.??.??"]

1. e4 c5 2. Nf3 d6 3. d4 cxd4 4. Nxd4 Nf6 5. Nc3 a6 6. Be3 e5 7. Nb3 Be6 8. f3
Nbd7 9. Qd2 Be7 10. O-O-O O-O 11. g4 b5 12. g5 b4 13. Ne2 Nh5 14. Kb1 a5 15.
Ng3 g6 16. Nxh5 gxh5 17. Be2 a4 18. Nc1 Qb8 19. f4 exf4 20. Bxf4 Nc5 21. Qd4 b3
22. Bc4 bxc2+ 23. Kxc2 Rc8 24. Kb1 Bxc4 25. Qxc4 Ne6 26. Qf1 Qb4 27. Qf3 Rab8
28. Nd3 Qc3 29. Rc1 Rxb2+ 30. Ka1 Rb1+ 0-1

[Event "Mechanics' Alan Benson TNM; G/2"]
[Site "San Francisco"]
[Date "2016.09.27"]
[Round "9.13"]
[White "Yang, Eric"]
[Black "Pryor, Jamieson"]
[Result "1-0"]
[WhiteElo "1851"]
[BlackElo "2032"]
[PlyCount "57"]
[EventDate "2016.??.??"]

1. e4 c5 2. Nf3 d6 3. d4 cxd4 4. Nxd4 Nf6 5. Nc3 a6 6. Be3 e5 7. Nb3 Be6 8. f3
Be7 9. Qd2 Nbd7 10. O-O-O h5 11. Kb1 O-O 12. h3 b5 13. g4 h4 14. Bg5 Nb6 15.
Bxf6 gxf6 16. Qh6 Re8 17. Bd3 Na4 18. Nd5 Nc5 19. Ne3 Nxd3 20. Rxd3 Qb6 21. Nf5
Bf8 22. Qxh4 Rac8 23. g5 Bxf5 24. exf5 fxg5 25. Qxg5+ Kh8 26. Qh5+ Kg8 27. f6
Qf2 28. Rd2 Qe3 29. Rg2+ 1-0

[Event "Mechanics' Alan Benson TNM; G/2"]
[Site "San Francisco"]
[Date "2016.08.30"]
[Round "5.10"]
[White "Yang, Eric"]
[Black "Smith III, Mahlon"]
[Result "0-1"]
[WhiteElo "1851"]
[BlackElo "2064"]
[PlyCount "70"]
[EventDate "2016.??.??"]

1. e4 c5 2. Nf3 d6 3. d4 cxd4 4. Nxd4 Nf6 5. Nc3 a6 6. Be3 Ng4 7. Bg5 h6 8. Bh4
g5 9. Bg3 Bg7 10. Qd2 Qb6 11. O-O-O Nc6 12. Nb3 Be6 13. Nd5 Bxd5 14. exd5 Nce5
15. Nd4 Ng6 16. f3 Bxd4 17. Qxd4 Qxd4 18. Rxd4 Ne3 19. Re4 Nxd5 20. Bxd6 O-O
21. Ba3 Rfe8 22. Bc4 Nf6 23. Rd4 b5 24. Bb3 Nf4 25. Rd2 e6 26. Bd6 N4d5 27. a4
Rec8 28. Re1 Rc6 29. Be5 Rac8 30. g3 Nd7 31. Bxd5 exd5 32. Bc3 Nb6 33. axb5
axb5 34. Ree2 Rc4 35. Ba5 Ra4 0-1

[Event "Mechanics' Fall TNM; G/2"]
[Site "San Francisco"]
[Date "2016.10.18"]
[Round "1.35"]
[White "Yang, Eric"]
[Black "Stearman, Micah Si"]
[Result "1-0"]
[WhiteElo "1851"]
[BlackElo "1011"]
[PlyCount "35"]
[EventDate "2016.??.??"]

1. e4 e5 2. Nf3 Nc6 3. Bb5 a6 4. Ba4 Nf6 5. O-O Nxe4 6. d4 exd4 7. Re1 d5 8.
Nxd4 Qd6 9. Nxc6 bxc6 10. f3 Qc5+ 11. Be3 Qb4 12. Bxc6+ Kd8 13. Bxa8 Bd6 14.
fxe4 dxe4 15. Nc3 Bg4 16. Qxg4 g6 17. Bg5+ Ke8 18. Qc8# 1-0

[Event "Mechanics' Alan Benson TNM; G/2"]
[Site "San Francisco"]
[Date "2016.08.30"]
[Round "5.29"]
[White "Yanofsky, Kevin"]
[Black "Andries, W Craig"]
[Result "0-1"]
[WhiteElo "1415"]
[BlackElo "1877"]
[PlyCount "101"]
[EventDate "2016.??.??"]

1. d4 Nf6 2. c4 g6 3. Nc3 Bg7 4. e4 d6 5. Nf3 O-O 6. Be2 c6 7. O-O e5 8. d5 c5
9. Ne1 Ne8 10. Be3 f5 11. f3 f4 12. Bf2 g5 13. Nd3 h5 14. b4 b6 15. a4 Rf6 16.
a5 Nd7 17. axb6 Nxb6 18. bxc5 Nxc4 19. cxd6 Nexd6 20. Rxa7 Rxa7 21. Bxa7 Rg6
22. Nf2 Qa5 23. Qa1 Na3 24. Nb1 Qxa7 25. Qxa3 Qb6 26. Rc1 Bf8 27. Qc5 Qb2 28.
Qc2 Qb6 29. Qc3 g4 30. Qc5 Qb2 31. Qc2 Qd4 32. Qc5 gxf3 33. Bxf3 Qb2 34. Nd3
Qa2 35. Nc3 Qd2 36. Rd1 Qc2 37. Nb4 Qb2 38. Rb1 Qd2 39. Rd1 Qb2 40. Nd3 Qc2 41.
Nxe5 Nxe4 42. Bxe4 Bxc5+ 43. Kh1 Qxc3 44. Nxg6 Qe3 45. Bf3 Bg4 46. Nh4 Bxf3 47.
Nxf3 Kg7 48. d6 Bb6 49. d7 Bd8 50. h3 Kf6 51. Kh2 {....} 0-1

[Event "Mechanics' Fall TNM; G/2"]
[Site "San Francisco"]
[Date "2016.12.06"]
[Round "8.25"]
[White "Yanofsky, Kevin"]
[Black "Crofts, Jacob T"]
[Result "0-1"]
[WhiteElo "1694"]
[BlackElo "774"]
[PlyCount "96"]
[EventDate "2016.??.??"]

1. d4 Nf6 2. c4 e6 3. Nc3 d5 4. Bg5 Be7 5. Nf3 b6 6. cxd5 exd5 7. e3 O-O 8. Be2
Bb7 9. O-O h6 10. Bh4 Nbd7 11. Qc2 Re8 12. Rfd1 Ne4 13. Bxe7 Rxe7 14. Nxe4 dxe4
15. Nd2 Nf6 16. Nc4 Rc8 17. Qa4 a5 18. Ne5 Re6 19. Rac1 Qd6 20. h3 h5 21. Bc4
Bd5 22. Bxd5 Nxd5 23. Rc6 Qe7 24. Rdc1 f6 25. Ng6 Qe8 26. Qc4 Qxc6 27. Qxc6
Rxc6 28. Rxc6 Kf7 29. Nf4 Nb4 30. Rc4 h4 31. a3 Na6 32. Nd5 Ke6 33. Nxb6 Rb8
34. Na4 Kd5 35. Rc2 Rc8 36. Nc3+ Kc4 37. Nxe4+ Kd3 38. Nd6 Kxc2 39. Nxc8 Kxb2
40. d5 Kxa3 41. d6 cxd6 42. Nxd6 Kb3 43. Nb5 a4 44. Kf1 Nc7 45. Nd4+ Kc3 46.
Ke1 a3 47. Kd1 a2 48. Nc2 Kb2 0-1

[Event "Mechanics' Alan Benson TNM; G/2"]
[Site "San Francisco"]
[Date "2016.09.27"]
[Round "9.35"]
[White "Yanofsky, Kevin"]
[Black "Erdenebat, Erdenem"]
[Result "1-0"]
[WhiteElo "1415"]
[BlackElo "568"]
[PlyCount "33"]
[EventDate "2016.??.??"]

1. d4 d5 2. c4 Nf6 $2 3. cxd5 Nxd5 4. Nf3 Nc6 5. e4 Nf6 6. Nc3 e5 7. d5 Na5 8.
Nxe5 Bd6 9. Qa4+ Nd7 10. Nxd7 Bxd7 11. Qxa5 O-O 12. Nb5 c6 13. Qxd8 Raxd8 14.
Nxd6 cxd5 15. Be3 Bc6 16. exd5 Bxd5 17. Nc4 1-0

[Event "Mechanics' Fall TNM; G/2"]
[Site "San Francisco"]
[Date "2016.11.08"]
[Round "4.22"]
[White "Yanofsky, Kevin"]
[Black "Erickson, Lane Aus"]
[Result "0-1"]
[WhiteElo "1694"]
[BlackElo "1558"]
[PlyCount "42"]
[EventDate "2016.??.??"]

1. d4 Nf6 2. c4 c5 3. d5 b5 4. cxb5 a6 5. f3 g6 6. e4 Bg7 7. Nc3 d6 8. bxa6 O-O
9. Qc2 Bxa6 10. Bxa6 Nxa6 11. a3 Nb4 12. Qb1 Qa5 13. Bd2 Qa6 14. Nb5 Nbxd5 15.
Nxd6 exd6 16. exd5 Rfe8+ 17. Kf2 Nxd5 18. Ra2 Bd4+ 19. Kg3 Qc4 20. Bc3 Be3 21.
Nh3 g5 0-1

[Event "Mechanics' Fall TNM; G/2"]
[Site "San Francisco"]
[Date "2016.12.13"]
[Round "9.28"]
[White "Yanofsky, Kevin"]
[Black "Harris, Clarence"]
[Result "1-0"]
[WhiteElo "1694"]
[BlackElo "1400"]
[PlyCount "60"]
[EventDate "2016.??.??"]

1. d4 Nf6 2. c4 g6 3. Nc3 Bg7 4. Nf3 O-O 5. Bg5 h6 6. Bh4 d6 7. e3 g5 8. Bg3
Nh5 9. Bd3 Nxg3 10. hxg3 Bg4 11. Qc2 Bxf3 12. Bh7+ Kh8 13. gxf3 Nc6 14. a3 e5
15. dxe5 Nxe5 16. Qe4 c6 17. Bf5 Qf6 18. g4 Rae8 19. Ke2 Ng6 20. Qc2 Qd4 21.
Bxg6 fxg6 22. Qxg6 Qxc4+ 23. Kd2 Re6 24. Qxg5 Rxf3 25. Qh4 Rg6 26. Rhf1 Rxg4
27. Qh5 Kh7 28. Rae1 Bxc3+ 29. bxc3 Rf5 30. Qxf5+ Rg6 1-0